000 00332nam a2200097Ia 4500
008 220120s9999||||xx |||||||||||||| ||und||
100 _aBlesson Joseph and others
_912608
245 0 _aDesign and implementation of sleepy stack SRAM for reduction
260 _aCoorg Institute of Technology
_bPonnampet
_c2016
650 _aCOMPUTER SCIENCE
999 _c138206
_d138206